LEADER 01015nam a22002531i 4500 001 991000115539707536 005 20040722165936.0 008 040802s1962 fr |||||||||||||||||fre 035 $ab1317907x-39ule_inst 035 $aARCHE-113168$9ExL 040 $aBiblioteca Interfacoltà$bita$cA.t.i. Arché s.c.r.l. Pandora Sicilia s.r.l. 082 04$a370.94 100 1 $aRiché, Pierre$0386205 245 10$aEducation et culture dans l'Occident barbare :$b6.-8. siècles /$cpar Pierre Riché 260 $aParis :$bEditions du Seuil,$c[1962] 300 $a571 p. ;$c23 cm 440 0$aPatristica Sorbonensia ;$v4 650 4$aEducazione$xStoria$zEuropa$xMedioevo 907 $a.b1317907x$b02-04-14$c05-08-04 912 $a991000115539707536 945 $aLE002 Fondo Giudici L 1396$g1$i2002000344243$lle002$nC. 1$o-$pE0.00$q-$rn$so $t0$u0$v0$w0$x0$y.i13819823$z05-08-04 996 $aEducation et culture dans l'Occident barbare$9313527 997 $aUNISALENTO 998 $ale002$b05-08-04$cm$da $e-$ffre$gfr $h0$i1 LEADER 01726nam 2200493 450 001 9910796370203321 005 20200520144314.0 010 $a1-945577-25-8 035 $a(CKB)3790000000537572 035 $a(MiAaPQ)EBC5166923 035 $a(Au-PeEL)EBL5166923 035 $a(CaPaEBR)ebr11476191 035 $a(OCoLC)1014461194 035 $a(EXLCZ)993790000000537572 100 $a20190211d2012 uy 0 101 0 $aeng 135 $aurcnu|||||||| 181 $ctxt$2rdacontent 182 $cc$2rdamedia 183 $acr$2rdacarrier 200 10$aCommunity educators $ea resource for educating and developing our youth /$fby Patricia Moore Harbour; foreword by David Mathews 205 $aFirst edition. 210 1$aDayton, OH :$cKettering Foundation Press,$d[2012] 210 4$d2012 215 $a1 online resource (181 pages) 320 $aIncludes bibliographical references (pages 195-206). 327 $aEducation, not just schooling -- School reform or education transformation? -- Community educators focus on youth development -- Challenges and obstacles -- Findings and lessons learned -- Implications for further research and community action. 606 $aCommunity and school 606 $aExperiential learning 606 $aYouth development 606 $aCommunity education 615 0$aCommunity and school. 615 0$aExperiential learning. 615 0$aYouth development. 615 0$aCommunity education. 676 $a370.1931 700 $aHarbour$b Patricia Moore$01508251 801 0$bMiAaPQ 801 1$bMiAaPQ 801 2$bMiAaPQ 906 $aBOOK 912 $a9910796370203321 996 $aCommunity educators$93739540 997 $aUNINA LEADER 02796nam 22006134a 450 001 9910975097503321 005 20251114135833.0 010 $a1-280-08810-9 010 $a9786610088102 010 $a0-585-43742-4 024 7 $a10.1596/0-8213-5105-2 035 $a(CKB)111056486748544 035 $a(SSID)ssj0000087583 035 $a(PQKBManifestationID)11126424 035 $a(PQKBTitleCode)TC0000087583 035 $a(PQKBWorkID)10074407 035 $a(PQKB)11197127 035 $a(MiAaPQ)EBC3050518 035 $a(Au-PeEL)EBL3050518 035 $a(CaPaEBR)ebr10020686 035 $a(CaONFJC)MIL8810 035 $a(OCoLC)51603068 035 $a(The World Bank)2002069179 035 $a(US-djbf)12749417 035 $a(BIP)7736329 035 $a(EXLCZ)99111056486748544 100 $a20020422d2002 uy 0 101 0 $aeng 135 $aurcn||||||||| 181 $ctxt$2rdacontent 182 $cc$2rdamedia 183 $acr$2rdacarrier 200 00$aInformation and communication technologies $ea World Bank group strategy 205 $a1st ed. 210 $aWashington, DC $cWorld Bank$dc2002 215 $axv, 82 pages ;$d28 cm 300 $aBibliographic Level Mode of Issuance: Monograph 311 08$a0-8213-5105-2 320 $aIncludes bibliographical references. 327 $aIntro -- Contents. 330 $aKnowledge is a fundamental driver of increased productivity and global competition. Information and communication technologies provide a foundation for building up and applying knowledge in private and public sectors. Countries with information infrastructures that are well developed and that use innovative information technology applications, have advantages for sustained economic growth and social development. Developing countries face opportunity costs when delaying greater access to and use of information infrastructures and technologies. As these information and communication technologies are the centre of World Bank Strategic Directions Framework priorities, increasing the climate for investment and sustainable growth at the same time as empowering and investing in poor people. Implementing a strategy to support information and communication technologies development in client countries is high on the World Bank Group agenda. 410 0$aWorld Bank e-Library. 606 $aInformation technology$xEconomic aspects$zDeveloping countries 606 $aCommunication$zDeveloping countries 615 0$aInformation technology$xEconomic aspects 615 0$aCommunication 676 $a384/.09172/4 801 0$bMiAaPQ 801 1$bMiAaPQ 801 2$bMiAaPQ 906 $aBOOK 912 $a9910975097503321 996 $aInformation and Communication Technologies$92929612 997 $aUNINA